000 00760nam a22002297a 4500
003 DO-SdBNP
005 20221109082859.0
007 ta
008 221109b2018 dr ||||| |||| 00| 0 spa d
020 _a9789945803198
040 _aDO-SdBNP
_bspa
_cBNPHU
082 4 _222
100 _975105
_aPeña Cepeda, Porfirio,
_d1948-
245 1 3 _aLa felicidad y el exito :
_bmotivate para alcanzar tus metas /
_cPorfirio Peña Cepeda ; prólogo Cruz María Santana Nieves
260 _aSanto Domingo :
_bAmigo del Hogar,
_c2018.
300 _a139 p. ;
_c23 cm.
500 _aIncluye datos biográficos del autor en las solapas
590 _aInventariado, 2022/BT
700 1 _aSantana Nieves, Cruz María,
_epról.
_980027
910 _aBtavárez
942 _2ddc
_cLBS1
999 _c52835
_d52835